| 000 | 00417nam a2200169Ia 4500 | ||
|---|---|---|---|
| 999 |
_c13508 _d13508 |
||
| 082 | _a330.151 CRA-E | ||
| 100 | _aCramer, J.S; | ||
| 245 | 0 | _aEmpirical econometrics | |
| 260 |
_aLondon _bNorth-Holland Publishing _c1969 |
||
| 300 | _a277p.: table | ||
| 504 | _aIncludes index | ||
| 650 | _aEconometrics | ||
| 650 | _aEconomics, Mathematical | ||
| 650 | _aEconometric models | ||
| 650 | _aEconomics | ||
| 942 | _cBK | ||